Prices of agricultural land in England. - Three months and six months ended 31 March 1996 - three months and six months ended 30 September 1996 - Three months ended 31 December 1996 (Record no. 93926)

MARC details
000 -LEADER
fixed length control field 00839cam a2200277 4500
001 - CONTROL NUMBER
control field J3904
008 - FIXED-LENGTH DATA ELEMENTS--GENERAL INFORMATION
fixed length control field 090401t xxu||||| |||| 00| 0 eng d
035 ## - SYSTEM CONTROL NUMBER
System control number (Sirsi) u57367
041 ## - LANGUAGE CODE
Language code of text/sound track or separate title eng
050 ## - LIBRARY OF CONGRESS CALL NUMBER
Classification number 333.335
110 ## - MAIN ENTRY--CORPORATE NAME
Corporate name or jurisdiction name as entry element Ministry of Agriculture Fisheries and Food
245 ## - TITLE STATEMENT
Title Prices of agricultural land in England. - Three months and six months ended 31 March 1996 - three months and six months ended 30 September 1996 - Three months ended 31 December 1996
260 ## - PUBLICATION, DISTRIBUTION, ETC.
Place of publication, distribution, etc. London
Name of publisher, distributor, etc. MAFF
Date of publication, distribution, etc. 1996-97
300 ## - PHYSICAL DESCRIPTION
Extent 4 pt. ; 30cm.
350 ## - PRICE (NR) (BK AM CF MU VM SE) [OBSOLETE]
Price 0
490 ## - SERIES STATEMENT
Series statement MAFF Statistics
Volume/sequential designation 180/96
520 ## - SUMMARY, ETC.
Summary, etc. Published quarterly.
650 ## - SUBJECT ADDED ENTRY--TOPICAL TERM
Topical term or geographic name entry element FARMLAND PRICES
650 ## - SUBJECT ADDED ENTRY--TOPICAL TERM
Topical term or geographic name entry element FARMLAND
650 ## - SUBJECT ADDED ENTRY--TOPICAL TERM
Topical term or geographic name entry element INDEX
650 ## - SUBJECT ADDED ENTRY--TOPICAL TERM
Topical term or geographic name entry element LAND PRICES
650 ## - SUBJECT ADDED ENTRY--TOPICAL TERM
Topical term or geographic name entry element LAND SALES PRICE INDEX
690 ## - LOCAL SUBJECT ADDED ENTRY--TOPICAL TERM (OCLC, RLIN)
Topical term or geographic name as entry element RURAL PRACTICE
942 ## - ADDED ENTRY ELEMENTS (KOHA)
Suppress in OPAC 0
948 ## - LOCAL PROCESSING INFORMATION (OCLC); SERIES PART DESIGNATOR (RLIN)
c (OCLC) 04/03/1997
Holdings
Withdrawn status Lost status Source of classification or shelving scheme Damaged status Not for loan Home library Current library Shelving location Date acquired Total Checkouts Full call number Barcode Date last seen Copy number Price effective from Koha item type
    Dewey Decimal Classification     London London Basement 16/09/1996   BASEMENT 1 30050305 06/08/2019 1 06/08/2019 Reference material
    Dewey Decimal Classification     London London Basement 30/09/1996   BASEMENT 1 30050409 06/08/2019 2 06/08/2019 Reference material
    Dewey Decimal Classification     London London Basement 20/02/1997   BASEMENT 1 30052135 06/08/2019 3 06/08/2019 Reference material
    Dewey Decimal Classification     London London Basement 14/09/1999   BASEMENT 1 30053508 06/08/2019 4 06/08/2019 Reference material